=LDR 00000nam 2200000 4500 =001 INLIS000000000000974 =005 20130612085406 =008 ***********************************Ind** =035 ##$$0010-061300000000974 =041 ##$$a Ind =082 ##$$a 302.2 =090 ##$$a 302.2, Woo-c =100 ##$$a Woodall, Marian K =245 ##$$a Cara berbicara agar pria mendengarkan, Marian K Woodall; alih bahasa Nur Khoiri =260 ##$$a 1996 $b Jakarta =300 ##$$a xii, 83 hlm, 21 cm =650 ##$$a Komunikasi =700 ##$$a Khoiri, Nur =850 ##$$a NBPNMAT